00586nam a22001577a 450000500170000001000150001702000300003203500140006203700130007608200130008910000230010224501030012526000610022827000770028930000620036620210225151812.0 aENG-129064 c499.00a978-1-5293-1977-4 aEN-112596 bDBAD/PUB a294.5436 aIyengar, B. K. S.  aLight on Life: the yoga journey to wholeness, inner peace, and ultimate freedom/bB. K. S. Iyengar aGurugrambHachette Book Publishing India Pvt. Ltd.c2019 bGurugrama4th/5th Floors, Corporate Centre, Plot No- 94, Sec- 44e122003 axxii+282p.c24cm(pbk)bIncluding illustrations and index.